Nueva historia argentina : tomo 9 :

Guardado en:
Autor Principal: Suriano, Juan
Formato: Libro
Publicado: Buenos Aires : Sudamericana
Series:Nueva Historia Argentina
Materias:
Etiquetas: Agregar Etiqueta
Sin Etiquetas, Sea el primero en etiquetar este registro!
LEADER 01432nam a22002415a 4500
001 CEM.cems011245
005 20080218154222.0
008 130507b######################000#0#####d
003 CEMS
020 |a 9500723441 
082 0 4 |a Z982 
100 1 |a Suriano, Juan 
245 1 0 |a Nueva historia argentina :  |b tomo 9 :  |c Coordinado Por Juan Suriano 
260 |a Buenos Aires :  |b Sudamericana 
300 |a 448 p. 
490 0 |a Nueva Historia Argentina 
505 0 |a Golpes. proscripciones y partidos políticos / César Teach -- El país del desarrollo posible / Ricardo Aroskind -- Sindicatos, burócratas y movilización / Daniel James -- El interior en disputa: proyectos de desarrollo y movimientos de protesta en las regiones extrapampeanas / Mark Alan Healey -- Y esto es Buenos Aires? : los contrastes del proceso de urbanización / Javier Auyero y Rodrigo Hobert -- La modernización cultural y la irrupción de la sociología / Lucas Rubinich -- Rebeldes y modernos. Una cultura de los jóvenes / Sergio A. Pujol -- Protesta, rebelión y movilización: de la resistencia a la lucha armada, 1955-1973 / Mónica B. Gordillo -- El populismo imposible y sus actores, 1973-1976 / Maristella Svampa 
653 |a Historia 
653 |a Historia argentina 
653 |a Historia argentina 1955-19766 
653 |a Golpes militares 
653 |a Frondizi-presidencia 
859 |a CEMS  |b BIB. CEMS - 11 de abril  |h Z982  |i Su77  |p 22137.03  |t Ej.1  |v IX  |3 IX